00520nmm a2200157Ia 4500008004100000020001800041041000800059100003200067245007200099264005500171300001800226650004300244856005100287942000700338999001700345251105s9999||||xx |||||||||||||||||und|| a9789560102034 aspa aBerguño Hurtado, Fernando 0aLos soldados de Napoleón en la independencia de Chile (1817-1830) a[Santiago de Chile, Chile] :bRil editores, c2015 a356 páginas aHistory of the Americas: Latin America uhttps://public.digitaliapublishing.com/a/42588 cCF c93699d93699